[Event "Sharjah Rapid op 27th"]
[Site "Sharjah"]
[Date "2022.04.06"]
[Round "2"]
[White "Dimakiling, Oliver"]
[Black "Almaamari, Zainab Darwish"]
[Result "1-0"]
[WhiteElo "2420"]
[BlackElo "1342"]
[PlyCount "51"]
[EventDate "2022.04.06"]
[EventType "swiss (rapid)"]
[EventRounds "9"]
[EventCountry "UAE"]
[SourceTitle "CBM 207 Extra"]
[Source "ChessBase"]
[SourceDate "2022.05.31"]
[SourceVersion "1"]
[SourceVersionDate "2022.05.31"]
[SourceQuality "1"]

1. Nf3 a6 2. e4 b5 3. d4 Bb7 4. Bd3 e6 5. a4 bxa4 6. 0-0 c5 7. c3 Nc6 8. Rxa4 cxd4 9. Nxd4 Nxd4 10. cxd4 Nf6 11. Nc3 Be7 12. Qe2 Qb6 13. Be3 d5 14. e5 Nd7 15. Rfa1 Nb8 16. f4 0-0 17. f5 f6 18. Kh1 exf5 19. Bxf5 fxe5 20. dxe5 Qc7 21. Qh5 g6 22. Bxg6 hxg6 23. Qxg6+ Kh8 24. Qh6+ Kg8 25. Rg4+ Kf7 26. Qg6# 1-0

[Event "Titled Tuesday intern op 05th Apr Late"]
[Site "Chess.com INT"]
[Date "2022.04.05"]
[Round "2"]
[White "Dimakiling, Oliver"]
[Black "Ansh, M Shah"]
[Result "1-0"]
[WhiteElo "2420"]
[BlackElo "2118"]
[PlyCount "87"]
[EventDate "2022.04.05"]
[EventType "swiss (blitz)"]
[EventRounds "11"]
[EventCountry "USA"]
[SourceTitle "CBM 207 Extra"]
[Source "ChessBase"]
[SourceDate "2022.05.31"]
[SourceVersion "1"]
[SourceVersionDate "2022.05.31"]
[SourceQuality "1"]

1. e4 c6 2. d3 d5 3. Nd2 e6 4. Ngf3 Nf6 5. c3 Be7 6. e5 Nfd7 7. d4 c5 8. Bd3 Nc6 9. 0-0 Qb6 10. Re1 h6 11. dxc5 Nxc5 12. Bf1 0-0 13. Nd4 Rd8 14. a3 Nd7 15. N2f3 a6 16. b4 Qc7 17. Bf4 Bf8 18. h4 Be7 19. Rc1 b5 20. Bd3 Nb6 21. Bb1 h5 22. Ng5 g6 23. Qf3 Bf8 24. g4 hxg4 25. Qxg4 Bg7 26. h5 Ne7 27. hxg6 Nxg6 28. Ngxe6 fxe6 29. Qxg6 Qf7 30. Qh7+ Kf8 31. Bg5 Re8 32. Re3 Bxe5 33. Rxe5 Qxh7 34. Bxh7 Nc4 35. Re2 Kg7 36. Bd3 e5 37. Bxc4 dxc4 38. Nc6 Kg6 39. Bh4 Kf5 40. Bg3 Bb7 41. Nxe5 Re6 42. f3 Rae8 43. Rce1 Bxf3 44. Rf2 1-0